[Event "29. Abierto Ciudad de Sevilla"]
[Site "Sevilla ESP"]
[Date "2004.01.11"]
[Round "3.8"]
[White "Almagro Mazariegos, Sebastian"]
[Black "Campora, Daniel Hugo"]
[Result "0-1"]
[WhiteElo "2326"]
[BlackElo "2503"]
[PlyCount "82"]
[EventDate "2004.01.09"]
[EventType "swiss"]
[EventRounds "9"]
[EventCountry "ESP"]
[Source "lmi"]
[SourceDate "2004.01.17"]

1. e4 e5 2. Nf3 Nc6 3. d4 exd4 4. Nxd4 d6 5. Nc3 Nf6 6. Nxc6 bxc6 7. Bc4 Be7 8.
O-O O-O 9. f4 Bb7 10. Bd3 Nd7 11. Qh5 g6 12. Qh3 Bf6 13. Bd2 Bg7 14. Rae1 Bc8
15. Nd1 a5 16. Bc3 Bxc3 17. Nxc3 Kg7 18. Qe3 f6 19. h4 Qe7 20. Rf3 Nc5 21. Rg3
Kh8 22. Qd4 Rb8 23. a3 Ne6 24. Qf2 Rxb2 25. Na4 Rb8 26. f5 Ng7 27. fxg6 Nh5 28.
g7+ Nxg7 29. Nc3 Nh5 30. Rge3 Qe5 31. Be2 Nf4 32. Bf1 Rg8 33. Kh1 Nh5 34. Be2
Bg4 35. Rf1 Rg6 36. Bc4 Rf8 37. Rg1 Qc5 38. Bb3 Bc8 39. g3 Rg4 40. Kh2 Qxa3 41.
e5 dxe5 0-1

[Event "29. Abierto Ciudad de Sevilla"]
[Site "Sevilla ESP"]
[Date "2004.01.11"]
[Round "3.9"]
[White "Campos Moreno, Javier B"]
[Black "Martin Perez, Javier"]
[Result "1-0"]
[WhiteElo "2498"]
[BlackElo "2280"]
[PlyCount "71"]
[EventDate "2004.01.09"]
[EventType "swiss"]
[EventRounds "9"]
[EventCountry "ESP"]
[Source "lmi"]
[SourceDate "2004.01.17"]

1. d4 d5 2. c4 c6 3. Nf3 Nf6 4. e3 e6 5. Bd3 Nbd7 6. O-O Bd6 7. Nc3 dxc4 8.
Bxc4 Qe7 9. Bb3 O-O 10. e4 e5 11. Bg5 Rd8 12. Re1 Bc7 13. Qc2 exd4 14. Nd5 cxd5
15. Qxc7 dxe4 16. Rxe4 Qxe4 17. Qxd8+ Qe8 18. Qxe8+ Nxe8 19. Re1 Nef6 20. Nxd4
Kf8 21. Nb5 Nc5 22. Nc7 Rb8 23. Bxf6 gxf6 24. Re8+ Kg7 25. Nb5 Na6 26. Re7 Nc5
27. Rxf7+ Kg6 28. Rf8 Na6 29. Rg8+ Kh6 30. Nd6 Bd7 31. Nf7+ Kh5 32. Bd1+ Kh4
33. Rg7 Bf5 34. g3+ Kh3 35. Be2 Bg6 36. f3 1-0

[Event "29. Abierto Ciudad de Sevilla"]
[Site "Sevilla ESP"]
[Date "2004.01.11"]
[Round "3.10"]
[White "Llorente Galardy, Jorge"]
[Black "Movsziszian, Karen"]
[Result "0-1"]
[WhiteElo "2295"]
[BlackElo "2497"]
[PlyCount "100"]
[EventDate "2004.01.09"]
[EventType "swiss"]
[EventRounds "9"]
[EventCountry "ESP"]
[Source "lmi"]
[SourceDate "2004.01.17"]

1. Nf3 Nf6 2. b3 g6 3. Bb2 Bg7 4. g3 O-O 5. Bg2 d6 6. d4 e5 7. dxe5 Nfd7 8. O-O
dxe5 9. Qc1 Re8 10. c4 a5 11. Nc3 e4 12. Ne1 f5 13. Nc2 Na6 14. Nb5 Ne5 15. Rd1
Qf6 16. Rb1 c6 17. Nd6 Rd8 18. Nxc8 Raxc8 19. Rxd8+ Rxd8 20. Qe1 b6 21. Rd1 Re8
22. Ba1 Nc5 23. Qd2 Ne6 24. Qe1 Qe7 25. Rd2 h5 26. Qd1 h4 27. Rd6 hxg3 28. hxg3
Rd8 29. Rxd8+ Nxd8 30. Qd2 Ne6 31. Bc3 Ng4 32. Bxg7 Kxg7 33. Bh3 Ne5 34. Bg2
Qc5 35. Bh3 Kf6 36. Kf1 a4 37. Qh6 Nf7 38. Qd2 axb3 39. axb3 Qe5 40. Ne1 Qd4
41. Qb4 Ne5 42. Nc2 Qd1+ 43. Ne1 Nc5 44. Qxb6 Nxb3 45. Qb4 Nd2+ 46. Kg2 Qxe1
47. Qd6+ Kf7 48. Qxe5 Qf1+ 49. Kh2 Qxf2+ 50. Bg2 Nxc4 0-1

[Event "29. Abierto Ciudad de Sevilla"]
[Site "Sevilla ESP"]
[Date "2004.01.11"]
[Round "3.11"]
[White "Matamoros Franco, Carlos S"]
[Black "Ortega Valle, Jose R"]
[Result "1-0"]
[WhiteElo "2490"]
[BlackElo "2274"]
[PlyCount "31"]
[EventDate "2004.01.09"]
[EventType "swiss"]
[EventRounds "9"]
[EventCountry "ESP"]
[Source "lmi"]
[SourceDate "2004.01.17"]

1. d4 e6 2. e4 b6 3. Nf3 Bb7 4. Bd3 c5 5. c3 cxd4 6. cxd4 Nf6 7. Nc3 Bb4 8. Qe2
h6 9. O-O O-O 10. e5 Ne8 11. a3 Be7 12. d5 exd5 13. Nd4 d6 14. Nf5 dxe5 15.
Qxe5 Bf6 16. Nxh6+ 1-0

[Event "29. Abierto Ciudad de Sevilla"]
[Site "Sevilla ESP"]
[Date "2004.01.11"]
[Round "3.12"]
[White "Van Hoolandt, Patrick"]
[Black "Veingold, Aleksandr"]
[Result "0-1"]
[WhiteElo "2262"]
[BlackElo "2478"]
[PlyCount "57"]
[EventDate "2004.01.09"]
[EventType "swiss"]
[EventRounds "9"]
[EventCountry "ESP"]
[Source "lmi"]
[SourceDate "2004.01.17"]

1. c4 Nf6 2. Nf3 e6 3. g3 d5 4. b3 c5 5. Bg2 Nc6 6. O-O d4 7. e3 Bd6 8. exd4
cxd4 9. Re1 O-O 10. Na3 Re8 11. d3 Bb4 12. Re2 e5 13. Ne1 Bg4 14. f3 Bf5 15.
Nb1 Bc3 16. Bb2 Bxe1 17. Rxe1 Nd7 18. Bf1 Nc5 19. Ba3 Qb6 20. Bxc5 Qxc5 21. a3
a5 22. Nd2 Bg6 23. Ne4 Qe7 24. Qd2 h6 25. Bg2 f5 26. Nf2 Qc5 27. Kh1 Kh7 28. g4
Rf8 29. h4 0-1

[Event "29. Abierto Ciudad de Sevilla"]
[Site "Sevilla ESP"]
[Date "2004.01.11"]
[Round "3.13"]
[White "Perez, Rodney"]
[Black "Lacrosse, Marc"]
[Result "1-0"]
[WhiteElo "2458"]
[BlackElo "2235"]
[PlyCount "67"]
[EventDate "2004.01.09"]
[EventType "swiss"]
[EventRounds "9"]
[EventCountry "ESP"]
[Source "lmi"]
[SourceDate "2004.01.17"]

1. e4 e5 2. Nf3 Nc6 3. Bc4 Bc5 4. O-O d6 5. c3 Nf6 6. d3 O-O 7. Bb3 a6 8. Re1
Ba7 9. h3 h6 10. Nbd2 Nh5 11. Nf1 Qf6 12. Be3 Nf4 13. Kh2 Be6 14. d4 Bxb3 15.
axb3 Rfe8 16. d5 Ne7 17. Bxa7 Rxa7 18. g3 Nfg6 19. Ne3 Nc8 20. b4 Nb6 21. c4
Nd7 22. Ra3 Raa8 23. Qc2 Qxf3 24. Ng4 Nh4 25. gxh4 Qf4+ 26. Kg2 h5 27. Rf3 hxg4
28. Rxf4 gxh3+ 29. Kg3 exf4+ 30. Kxf4 f5 31. Kg3 Nf6 32. e5 Ne4+ 33. Rxe4 fxe4
34. e6 1-0

[Event "29. Abierto Ciudad de Sevilla"]
[Site "Sevilla ESP"]
[Date "2004.01.11"]
[Round "3.14"]
[White "Castillo Gallego, Sergio"]
[Black "Khamrakulov, Ibragim S"]
[Result "0-1"]
[WhiteElo "2233"]
[BlackElo "2452"]
[PlyCount "80"]
[EventDate "2004.01.09"]
[EventType "swiss"]
[EventRounds "9"]
[EventCountry "ESP"]
[Source "lmi"]
[SourceDate "2004.01.17"]

1. e4 c5 2. Nf3 a6 3. c3 d5 4. exd5 Qxd5 5. d4 Nf6 6. Be2 cxd4 7. cxd4 g6 8.
Nc3 Qd8 9. O-O Bg7 10. Ne5 O-O 11. Be3 Ne8 12. Qd3 Nd6 13. Bf3 Nd7 14. Nc4 Nf5
15. Rad1 Rb8 16. Qd2 Nxe3 17. Nxe3 b5 18. Ned5 Re8 19. Ne4 Nf8 20. Nc5 Ne6 21.
g3 a5 22. Qc3 Nxd4 23. Qe3 e5 24. Rfe1 Bf5 25. Nc3 Qc8 26. N3e4 Nc2 27. Qe2
Nxe1 28. Qxe1 Bxe4 29. Nxe4 Rd8 30. Nd6 Qc7 31. Ne4 Rxd1 32. Qxd1 Rd8 33. Qe2
Qc4 34. Qe3 Qd4 35. Qg5 Rd7 36. Kg2 f5 37. Nf6+ Bxf6 38. Qxf6 Qd6 39. Qg5 Kg7
40. h4 Qd2 0-1

[Event "29. Abierto Ciudad de Sevilla"]
[Site "Sevilla ESP"]
[Date "2004.01.11"]
[Round "3.15"]
[White "Pogorelov, Ruslan"]
[Black "Garrido Dominguez, Jesus"]
[Result "1-0"]
[WhiteElo "2451"]
[BlackElo "2213"]
[PlyCount "106"]
[EventDate "2004.01.09"]
[EventType "swiss"]
[EventRounds "9"]
[EventCountry "ESP"]
[Source "lmi"]
[SourceDate "2004.01.17"]

1. Nf3 Nf6 2. c4 g6 3. Nc3 Bg7 4. e4 d6 5. d4 O-O 6. Be2 e5 7. O-O Nc6 8. d5
Ne7 9. Ne1 Nd7 10. Be3 f5 11. f3 f4 12. Bf2 g5 13. Rc1 b6 14. b4 a5 15. a3 axb4
16. axb4 Ng6 17. Nd3 Nf6 18. c5 bxc5 19. bxc5 Rb8 20. c6 h5 21. Qa4 g4 22. Qa7
gxf3 23. Qxb8 fxe2 24. Rfe1 Ng4 25. Qb2 Qg5 26. Qxe2 Ba6 27. Qd2 Bxd3 28. Qxd3
Nxf2 29. Kxf2 f3 30. g3 Nf4 31. Qe3 Nh3+ 32. Kf1 Qg4 33. Red1 h4 34. Qe1 f2 35.
Qe2 Rf3 36. Rd3 hxg3 37. Qxf3 gxh2 38. Qxh3 Qg1+ 39. Ke2 Qxc1 40. Qe6+ Kh7 41.
Rh3+ Bh6 42. Qf5+ Kh8 43. Qc8+ Kh7 44. Qxc7+ Kh8 45. Qc8+ Kg7 46. Qd7+ Kh8 47.
Qe8+ Kg7 48. Qe7+ Kh8 49. Qf8+ Kh7 50. Qxf2 h1=Q 51. Rxh1 Qxh1 52. c7 Qh5+ 53.
Qf3 Qh2+ 1-0

[Event "29. Abierto Ciudad de Sevilla"]
[Site "Sevilla ESP"]
[Date "2004.01.11"]
[Round "3.16"]
[White "Gonzalez Custodio, Rafael"]
[Black "Komljenovic, Davor"]
[Result "0-1"]
[WhiteElo "2186"]
[BlackElo "2441"]
[PlyCount "107"]
[EventDate "2004.01.09"]
[EventType "swiss"]
[EventRounds "9"]
[EventCountry "ESP"]
[Source "lmi"]
[SourceDate "2004.01.17"]

1. d4 d5 2. Nf3 Nf6 3. Bg5 Bf5 4. e3 e6 5. Bd3 Bg6 6. O-O c5 7. c3 Nc6 8. Bxg6
hxg6 9. Nbd2 Bd6 10. dxc5 Bxc5 11. e4 dxe4 12. Bxf6 gxf6 13. Nxe4 Be7 14. Qxd8+
Rxd8 15. Rfd1 f5 16. Rxd8+ Kxd8 17. Rd1+ Kc7 18. Ned2 Rd8 19. Kf1 g5 20. h3 g4
21. hxg4 fxg4 22. Ne1 f5 23. Ke2 Ne5 24. Nb3 Rxd1 25. Kxd1 Nc4 26. Kc2 e5 27.
Nd2 Nxd2 28. Kxd2 Kd6 29. Ke2 Kd5 30. Nc2 Bc5 31. Ne1 b5 32. Nd3 Bd6 33. Ne1 a5
34. Nc2 Bc5 35. Ne1 Kc4 36. Nd3 Bd6 37. Kd2 e4 38. b3+ Kd5 39. Nb2 Ba3 40. Nd1
f4 41. Ke2 Bc1 42. f3 exf3+ 43. gxf3 g3 44. Kf1 b4 45. Kg2 Bd2 46. cxb4 axb4
47. Nb2 Kd4 48. Nc4 Bc1 49. Na5 Kc3 50. Nc6 Bd2 51. Ne5 Be3 52. Nc4 Bc5 53. Ne5
Kc2 54. Kf1 0-1

[Event "29. Abierto Ciudad de Sevilla"]
[Site "Sevilla ESP"]
[Date "2004.01.11"]
[Round "3.17"]
[White "Castellanos Rodriguez, Renier"]
[Black "Romero Garcia, Mariano"]
[Result "1-0"]
[WhiteElo "2438"]
[BlackElo "2167"]
[PlyCount "75"]
[EventDate "2004.01.09"]
[EventType "swiss"]
[EventRounds "9"]
[EventCountry "ESP"]
[Source "lmi"]
[SourceDate "2004.01.17"]

1. e4 d6 2. d4 Nf6 3. Nc3 c6 4. a4 Qa5 5. Bd3 e5 6. Nge2 Be7 7. O-O O-O 8. Kh1
Nbd7 9. f4 Re8 10. Bd2 Qc7 11. a5 Bf8 12. dxe5 dxe5 13. f5 Nc5 14. Bg5 Nxd3 15.
Qxd3 Be7 16. Ng3 Ng4 17. Bxe7 Qxe7 18. Qf3 Nf6 19. Nh5 Bd7 20. Nxf6+ Qxf6 21.
Qe3 Red8 22. Na4 Be8 23. Nc5 Rab8 24. Nd3 Rd4 25. c3 Rd7 26. Qxa7 Rbd8 27. Nc5
Rd2 28. Nxb7 Qg5 29. Rg1 R8d7 30. Qb8 Kf8 31. a6 Qh5 32. Nc5 Rd8 33. Qxe5 Rxg2
34. Ne6+ fxe6 35. Qc5+ Kg8 36. Rxg2 Rd1+ 37. Rxd1 Qxd1+ 38. Qg1 1-0

[Event "29. Abierto Ciudad de Sevilla"]
[Site "Sevilla ESP"]
[Date "2004.01.11"]
[Round "3.18"]
[White "Ferrer Garcia, Isaac"]
[Black "Tissir, Mohamed"]
[Result "0-1"]
[WhiteElo "2178"]
[BlackElo "2436"]
[PlyCount "72"]
[EventDate "2004.01.09"]
[EventType "swiss"]
[EventRounds "9"]
[EventCountry "ESP"]
[Source "lmi"]
[SourceDate "2004.01.17"]

1. c4 g6 2. Nc3 Bg7 3. g3 e5 4. Bg2 Ne7 5. e3 Nbc6 6. d3 h5 7. h4 d6 8. Nge2
Bg4 9. Rb1 a5 10. Nd5 Nxd5 11. cxd5 Ne7 12. O-O O-O 13. Qc2 c6 14. dxc6 Nxc6
15. Nc3 Rc8 16. Qd2 g5 17. hxg5 Qxg5 18. e4 Qxd2 19. Bxd2 Nb4 20. Nd5 Nxd5 21.
exd5 Be2 22. Rfe1 Bxd3 23. Rbc1 Ra8 24. Rc7 Rfb8 25. Be4 Bxe4 26. Rxe4 Bf6 27.
Rd7 Ra6 28. Rc4 Bd8 29. Bh6 Kh7 30. Be3 Kg7 31. f4 Kf8 32. fxe5 dxe5 33. Bc5+
Ke8 34. Rd6 Rc8 35. Rxa6 bxa6 36. a3 Rxc5 0-1

[Event "29. Abierto Ciudad de Sevilla"]
[Site "Sevilla ESP"]
[Date "2004.01.11"]
[Round "3.19"]
[White "Van der Weide, Karel"]
[Black "Desanjose Candalija, Eduardo"]
[Result "1-0"]
[WhiteElo "2436"]
[BlackElo "2155"]
[PlyCount "93"]
[EventDate "2004.01.09"]
[EventType "swiss"]
[EventRounds "9"]
[EventCountry "ESP"]
[Source "lmi"]
[SourceDate "2004.01.17"]

1. e4 e6 2. d4 d5 3. Nc3 Bb4 4. e5 Ne7 5. a3 Bxc3+ 6. bxc3 c5 7. Qg4 O-O 8. Bd3
Nbc6 9. Qh5 Ng6 10. Nf3 Qc7 11. Be3 Nce7 12. h4 Bd7 13. Qg5 f6 14. exf6 gxf6
15. Qg3 Qxg3 16. fxg3 cxd4 17. cxd4 h5 18. O-O-O e5 19. dxe5 Nxe5 20. Be2 Rac8
21. Nxe5 fxe5 22. Bg5 Ba4 23. Rd2 Nf5 24. Bd1 Rc5 25. Re1 d4 26. Kb2 Rfc8 27.
g4 Nd6 28. Ka1 Rc3 29. Ka2 Bxc2 30. Be7 Ne4 31. Rxc2 Rxc2+ 32. Bxc2 Rxc2+ 33.
Kb1 Re2 34. Rxe2 Nc3+ 35. Kc2 Nxe2 36. gxh5 e4 37. g4 Nf4 38. Bc5 d3+ 39. Kd2
b6 40. Bd6 Nd5 41. h6 b5 42. g5 Kh7 43. h5 a5 44. Bf8 e3+ 45. Kxd3 Nf4+ 46.
Kxe3 Nxh5 47. Kf3 1-0

[Event "29. Abierto Ciudad de Sevilla"]
[Site "Sevilla ESP"]
[Date "2004.01.11"]
[Round "3.20"]
[White "Perez Garcia , Roberto"]
[Black "Fernandez Romero, Ernesto"]
[Result "0-1"]
[WhiteElo "2145"]
[BlackElo "2425"]
[PlyCount "114"]
[EventDate "2004.01.09"]
[EventType "swiss"]
[EventRounds "9"]
[EventCountry "ESP"]
[Source "lmi"]
[SourceDate "2004.01.17"]

1. e4 c5 2. Nf3 Nc6 3. d4 cxd4 4. Nxd4 Nf6 5. Nc3 d6 6. Bc4 Bd7 7. Bb3 g6 8. f3
Nxd4 9. Qxd4 Bg7 10. Bg5 O-O 11. Qd2 b5 12. a3 a5 13. O-O Bc6 14. Kh1 Qb6 15.
Rfd1 Rac8 16. Bh6 Bxh6 17. Qxh6 a4 18. Bd5 Bd7 19. Qd2 Qc5 20. Qd4 Rc7 21. Rd2
Rb8 22. Qxc5 dxc5 23. e5 b4 24. Nd1 Nxd5 25. Rxd5 Kg7 26. Kg1 f6 27. exf6+ exf6
28. Kf2 Re8 29. Rd2 Bb5 30. Rc1 Rce7 31. c4 Bd7 32. axb4 cxb4 33. c5 Bb5 34.
Rd4 Re2+ 35. Kg3 b3 36. Nc3 Rc2 37. Ra1 Rxc3 38. bxc3 b2 39. Rb1 a3 40. Rb4 a2
41. R4xb2 axb1=Q 42. Rxb1 Bc6 43. Rb6 Rc8 44. Ra6 Rc7 45. Ra5 Kf7 46. Kf4 Re7
47. Ra6 g5+ 48. Kg3 Rc7 49. h4 h6 50. hxg5 hxg5 51. Ra5 Ke6 52. f4 gxf4+ 53.
Kxf4 Bxg2 54. Ra6+ Rc6 55. Ra5 Bd5 56. Rb5 f5 57. Ra5 Bc4 0-1

[Event "29. Abierto Ciudad de Sevilla"]
[Site "Sevilla ESP"]
[Date "2004.01.11"]
[Round "3.21"]
[White "Hidalgo Begines, Pablo"]
[Black "Garcia Luque, Agustin"]
[Result "1/2-1/2"]
[WhiteElo "2102"]
[BlackElo "2413"]
[PlyCount "194"]
[EventDate "2004.01.09"]
[EventType "swiss"]
[EventRounds "9"]
[EventCountry "ESP"]
[Source "lmi"]
[SourceDate "2004.01.17"]

1. d4 Nf6 2. g3 g6 3. Bg2 d5 4. Nf3 Bg7 5. c4 dxc4 6. Na3 O-O 7. Nxc4 Be6 8.
Nce5 Bd5 9. O-O Nc6 10. Nxc6 Bxc6 11. e3 a5 12. Bd2 a4 13. Bb4 Re8 14. Rc1 Bd5
15. Nd2 Bxg2 16. Kxg2 c6 17. Qf3 e5 18. dxe5 Rxe5 19. e4 Qc8 20. Bc3 Rh5 21. h4
Qe6 22. Rfe1 Re8 23. Rcd1 Rb5 24. b3 axb3 25. Nxb3 Qg4 26. Bxf6 Qxf3+ 27. Kxf3
Bxf6 28. Rd7 h5 29. Red1 Kg7 30. R1d3 Ra8 31. Rd2 Re8 32. R2d3 Re7 33. Rxe7
Bxe7 34. Rd7 Kf8 35. Ke3 Ke8 36. Rd2 Rb4 37. Kd3 Ra4 38. Rc2 Kd7 39. Nd2 f6 40.
Nc4 Kc7 41. Rb2 b5 42. Ne3 Bc5 43. Ng2 Rd4+ 44. Ke2 Rxe4+ 45. Kf3 Rg4 46. Re2
Kd7 47. Rd2+ Bd6 48. Nf4 Ke7 49. Re2+ Kf7 50. Ne6 Be7 51. Nf4 f5 52. Rc2 Bd6
53. Rxc6 Bxf4 54. gxf4 Rxh4 55. Rb6 Rh3+ 56. Kg2 Ra3 57. Rxb5 Rxa2 58. Rb8 Ra6
59. Kg3 Ra4 60. Rb6 Kg7 61. Rb8 Rc4 62. Ra8 Rc1 63. Kg2 Rc3 64. Ra1 Kh6 65. Ra8
Rc4 66. Kg3 Rb4 67. Rc8 h4+ 68. Kxh4 Rxf4+ 69. Kg3 Kg5 70. Rg8 Rg4+ 71. Kf3 Rg1
72. Ra8 Rb1 73. Ra3 Rb4 74. Rc3 Kh4 75. Rc6 Rb3+ 76. Kg2 g5 77. Rh6+ Kg4 78.
Ra6 Rb4 79. Ra8 Kf4 80. Ra7 g4 81. Ra8 Rd4 82. Ra7 Ke4 83. Ra8 Kd3 84. f3 Ke2
85. Re8+ Kd3 86. fxg4 Rxg4+ 87. Kf3 Kd4 88. Re7 Kd5 89. Re8 Re4 90. Rxe4 fxe4+
91. Ke3 Ke5 92. Ke2 Kd4 93. Kd2 e3+ 94. Ke2 Ke4 95. Ke1 Kd3 96. Kd1 e2+ 97. Ke1
Ke3 1/2-1/2

[Event "29. Abierto Ciudad de Sevilla"]
[Site "Sevilla ESP"]
[Date "2004.01.12"]
[Round "4.1"]
[White "Khamrakulov, Ibragim S"]
[Black "Mirzoev, Azer"]
[Result "1-0"]
[WhiteElo "2452"]
[BlackElo "2551"]
[PlyCount "171"]
[EventDate "2004.01.09"]
[EventType "swiss"]
[EventRounds "9"]
[EventCountry "ESP"]
[Source "lmi"]
[SourceDate "2004.01.17"]

1. e4 c5 2. c3 Nf6 3. e5 Nd5 4. Nf3 Nc6 5. Bc4 Nb6 6. Bb3 d5 7. exd6 Qxd6 8.
O-O c4 9. Bc2 Bg4 10. Qe2 e6 11. b3 cxb3 12. axb3 Be7 13. d4 O-O 14. Nbd2 Qc7
15. Ne4 Bxf3 16. gxf3 Nd5 17. Bb2 Rad8 18. Ng3 g6 19. Qe4 Rfe8 20. Rfe1 Bf6 21.
Bd3 Bg7 22. Bc4 Re7 23. Qh4 Qf4 24. Qxf4 Nxf4 25. Bc1 Nd5 26. Bg5 Bf6 27. Bxd5
Bxg5 28. Bxc6 bxc6 29. Ne4 Bf4 30. Ra6 Rc8 31. Rea1 Bb8 32. R1a5 f5 33. Nc5 e5
34. dxe5 Bxe5 35. Na4 Rcc7 36. Rc5 Re6 37. h3 Kf7 38. Kf1 Bf6 39. b4 Bh4 40.
Rc4 g5 41. b5 Rce7 42. Nc5 Re1+ 43. Kg2 cxb5 44. Rb4 Rd1 45. Rd4 Rc1 46. Rd5
Rxc3 47. Rxf5+ Kg7 48. Ne6+ Rxe6 49. Rxe6 Rc2 50. Ra6 Rxf2+ 51. Kg1 Re2 52. f4
gxf4 53. Rxf4 Re1+ 54. Rf1 Re7 55. Kg2 Be1 56. Rf5 b4 57. Rfa5 Bc3 58. Rxa7
Rxa7 59. Rxa7+ Kg6 60. Rb7 h5 61. Rb5 Bd2 62. Kf3 Bc3 63. Ke3 Be1 64. Kd3 Bc3
65. Kc4 Be1 66. Rc5 Bc3 67. Kb5 Bd2 68. Kc6 Bc3 69. Kd6 Bd2 70. Ke6 Bc3 71. Rb5
Bd2 72. Rd5 Bc3 73. Rc5 Be1 74. Rc1 Bc3 75. Rg1+ Kh6 76. Kf5 b3 77. Rg6+ Kh7
78. Rb6 b2 79. Kg5 Bd2+ 80. Kxh5 Bc1 81. Rb7+ Kg8 82. Kg6 Kf8 83. h4 Ke8 84. h5
Kd8 85. h6 Kc8 86. Rb3 1-0

[Event "29. Abierto Ciudad de Sevilla"]
[Site "Sevilla ESP"]
[Date "2004.01.12"]
[Round "4.2"]
[White "Komljenovic, Davor"]
[Black "Spraggett, Kevin"]
[Result "0-1"]
[WhiteElo "2441"]
[BlackElo "2536"]
[PlyCount "90"]
[EventDate "2004.01.09"]
[EventType "swiss"]
[EventRounds "9"]
[EventCountry "ESP"]
[Source "lmi"]
[SourceDate "2004.01.17"]

1. d4 f5 2. g3 Nf6 3. Bg2 g6 4. b4 Bg7 5. Bb2 O-O 6. Nd2 d6 7. Ngf3 c6 8. c4
Na6 9. Qb3 Nc7 10. O-O Qe8 11. a4 h6 12. b5 g5 13. e3 Kh8 14. Rab1 Ne6 15. Ne1
c5 16. d5 Nd8 17. f4 e5 18. dxe6 Bxe6 19. Nef3 Qg6 20. Ne1 Rb8 21. a5 Nf7 22.
Nd3 Rfe8 23. Rbe1 b6 24. axb6 axb6 25. Qa2 Re7 26. e4 Rbe8 27. fxg5 hxg5 28.
Qa1 Kg8 29. Rf2 Ng4 30. Rfe2 Bxb2 31. Qxb2 Nfe5 32. Nxe5 Nxe5 33. exf5 Bxf5 34.
Bd5+ Be6 35. Qb3 Bxd5 36. cxd5 Qh5 37. Kg2 Nd3 38. Rxe7 Nxe1+ 39. Rxe1 Rxe1 40.
Nf3 Re2+ 41. Kf1 Re8 42. Qd3 c4 43. Qc3 g4 44. Nh4 Qf7+ 45. Kg1 Re2 0-1

[Event "29. Abierto Ciudad de Sevilla"]
[Site "Sevilla ESP"]
[Date "2004.01.12"]
[Round "4.3"]
[White "Suba, Mihai"]
[Black "Pogorelov, Ruslan"]
[Result "1/2-1/2"]
[WhiteElo "2522"]
[BlackElo "2451"]
[PlyCount "99"]
[EventDate "2004.01.09"]
[EventType "swiss"]
[EventRounds "9"]
[EventCountry "ESP"]
[Source "lmi"]
[SourceDate "2004.01.17"]

1. c4 e5 2. Nc3 Nf6 3. Nf3 Nc6 4. e3 Bb4 5. Qc2 Bxc3 6. bxc3 d6 7. Be2 O-O 8.
O-O Bg4 9. h3 Bh5 10. e4 Bg6 11. d3 Nd7 12. g4 Nc5 13. Ne1 Ne6 14. Ng2 h6 15.
Be3 Bh7 16. f4 exf4 17. Nxf4 Nxf4 18. Rxf4 Qe7 19. Raf1 b6 20. R1f2 Ne5 21. Rg2
Rae8 22. Qd2 f6 23. Rf1 a6 24. a4 a5 25. Bf4 Nd7 26. Bd1 Nc5 27. Bc2 Qd7 28.
Qd1 Re7 29. h4 Bg6 30. Be3 Rfe8 31. Bd4 Ne6 32. Qb1 Nc5 33. Qd1 Ne6 34. Qd2 Nc5
35. Kh2 Nxe4 36. dxe4 Bxe4 37. Bxe4 Rxe4 38. Rf4 Qe6 39. h5 Qxc4 40. Rxf6 gxf6
41. Qxh6 Qf7 42. Bxf6 Qh7 43. Qg5+ Kf7 44. Bd4 Ke6 45. h6 Kd7 46. Bg7 R4e5 47.
Bxe5 Rxe5 48. Qf4 Qg6 49. Rf2 Kc8 50. Kg3 1/2-1/2

[Event "29. Abierto Ciudad de Sevilla"]
[Site "Sevilla ESP"]
[Date "2004.01.12"]
[Round "4.4"]
[White "Paunovic, Dragan"]
[Black "Castellanos Rodriguez, Renier"]
[Result "1-0"]
[WhiteElo "2517"]
[BlackElo "2438"]
[PlyCount "69"]
[EventDate "2004.01.09"]
[EventType "swiss"]
[EventRounds "9"]
[EventCountry "ESP"]
[Source "lmi"]
[SourceDate "2004.01.17"]

1. c4 Nf6 2. g3 e5 3. Bg2 Nc6 4. Nf3 Bc5 5. O-O d6 6. Nc3 a6 7. e3 Ba7 8. h3
O-O 9. d4 exd4 10. exd4 h6 11. Be3 Ne7 12. Re1 Ng6 13. Qc2 Bd7 14. Rad1 c6 15.
Kh2 Re8 16. b3 Rc8 17. Qc1 b5 18. Ne2 Qa5 19. Nf4 bxc4 20. bxc4 Nf8 21. c5 dxc5
22. dxc5 Ne6 23. Ne5 Nxf4 24. Bxf4 Be6 25. Nxc6 Qxc5 26. Nxa7 Qxa7 27. Qb2 Bf5
28. Rxe8+ Nxe8 29. Be3 Qc7 30. Qb7 Be6 31. Qxa6 Qe7 32. a4 h5 33. Qa7 Qa3 34.
Bb7 Bb3 35. Rd3 1-0

[Event "29. Abierto Ciudad de Sevilla"]
[Site "Sevilla ESP"]
[Date "2004.01.12"]
[Round "4.6"]
[White "Tissir, Mohamed"]
[Black "Campos Moreno, Javier B"]
[Result "1/2-1/2"]
[WhiteElo "2436"]
[BlackElo "2498"]
[PlyCount "66"]
[EventDate "2004.01.09"]
[EventType "swiss"]
[EventRounds "9"]
[EventCountry "ESP"]
[Source "lmi"]
[SourceDate "2004.01.17"]

1. e4 c5 2. Nc3 Nc6 3. Bb5 Nd4 4. Bc4 g6 5. Nf3 Bg7 6. O-O d6 7. Nxd4 cxd4 8.
Ne2 a6 9. a4 Nf6 10. d3 d5 11. exd5 Nxd5 12. Nf4 Nb6 13. Bb3 O-O 14. Qf3 e5 15.
Nh3 Bxh3 16. Qxh3 Nd7 17. a5 Nc5 18. Bc4 b5 19. axb6 Qxb6 20. f4 exf4 21. Bxf4
Ne6 22. Bh6 Qxb2 23. Rab1 Qxc2 24. Bxg7 Nxg7 25. Rb7 Kh8 26. Qh4 Qe2 27. Qxd4
Rad8 28. Qa1 Qe3+ 29. Kh1 Qd4 30. Qxd4 Rxd4 31. Rfxf7 Rxf7 32. Rxf7 Nf5 33. h3
a5 1/2-1/2

[Event "29. Abierto Ciudad de Sevilla"]
[Site "Sevilla ESP"]
[Date "2004.01.12"]
[Round "4.7"]
[White "Movsziszian, Karen"]
[Black "Rodriguez Guerrero, Enrique"]
[Result "0-1"]
[WhiteElo "2497"]
[BlackElo "2391"]
[PlyCount "49"]
[EventDate "2004.01.09"]
[EventType "swiss"]
[EventRounds "9"]
[EventCountry "ESP"]
[Source "lmi"]
[SourceDate "2004.01.17"]

1. e4 e6 2. d3 d5 3. Nd2 Nf6 4. Ngf3 c5 5. g3 Nc6 6. Bg2 Be7 7. O-O O-O 8. a4
Rb8 9. Re1 b5 10. e5 Nd7 11. axb5 Rxb5 12. c4 Rb8 13. h4 a5 14. Qe2 Kh8 15. Ra3
Rb6 16. Nf1 f6 17. exf6 Nxf6 18. N1h2 Bd6 19. Qd1 Rb4 20. Ng5 Be5 21. b3 Bc3
22. Bd2 Bxd2 23. Qxd2 Nd4 24. Qa2 Qb6 25. Rb1 0-1

[Event "29. Abierto Ciudad de Sevilla"]
[Site "Sevilla ESP"]
[Date "2004.01.12"]
[Round "4.8"]
[White "Fernandez Romero, Ernesto"]
[Black "Matamoros Franco, Carlos S"]
[Result "0-1"]
[WhiteElo "2425"]
[BlackElo "2490"]
[PlyCount "54"]
[EventDate "2004.01.09"]
[EventType "swiss"]
[EventRounds "9"]
[EventCountry "ESP"]
[Source "lmi"]
[SourceDate "2004.01.17"]

1. e4 e6 2. Nf3 d5 3. Nc3 Nf6 4. e5 Nfd7 5. d4 c5 6. dxc5 Nc6 7. Bf4 Bxc5 8.
Bd3 f6 9. exf6 Nxf6 10. Qd2 O-O 11. O-O-O Bb4 12. a3 Ba5 13. b4 Nxb4 14. axb4
Bxb4 15. Kb2 Bd7 16. Be5 Qb6 17. Qe2 Rac8 18. Nb5 Bxb5 19. Bxb5 a6 20. c3 Bc5
21. Ng5 axb5 22. Qc2 h6 23. h4 b4 24. c4 hxg5 25. hxg5 Ne4 26. f3 b3 27. Qd3
Qa5 0-1

[Event "29. Abierto Ciudad de Sevilla"]
[Site "Sevilla ESP"]
[Date "2004.01.12"]
[Round "4.9"]
[White "Veingold, Aleksandr"]
[Black "Speck, Nick"]
[Result "1-0"]
[WhiteElo "2478"]
[BlackElo "2381"]
[PlyCount "53"]
[EventDate "2004.01.09"]
[EventType "swiss"]
[EventRounds "9"]
[EventCountry "ESP"]
[Source "lmi"]
[SourceDate "2004.01.17"]

1. d4 Nf6 2. Nf3 g6 3. c4 Bg7 4. Nc3 O-O 5. e4 d6 6. Be2 e5 7. O-O Nc6 8. d5
Ne7 9. b4 Nh5 10. Re1 Nf4 11. Bf1 a5 12. bxa5 Rxa5 13. a4 c5 14. Ra3 Ra6 15.
Nb5 Bd7 16. Kh1 Qc8 17. Ng1 Nh5 18. g3 f5 19. exf5 Bxf5 20. Bg2 Kh8 21. f4 Ng8
22. fxe5 Bxe5 23. Nf3 Bg7 24. Ng5 Nh6 25. h3 Bd7 26. Ne6 Nf7 27. g4 1-0